| 000 | 00387 a2200133 4500 | ||
|---|---|---|---|
| 999 |
_c327450 _d327450 |
||
| 001 | 92377 | ||
| 003 | NUST | ||
| 005 | 20180120151139.0 | ||
| 008 | 180120b xxu||||| |||| 00| 0 eng d | ||
| 082 | _a355.475491 SHI | ||
| 100 |
_aShireen M Mazari _99264 |
||
| 245 |
_aKargil Conflict 1999; separating fact from fiction _cshareen mazari |
||
| 260 |
_aIslamabad _binstitute of Strategic Studies _c2003 |
||
| 300 | _aviii,162p. | ||
| 500 | _aGeneral Book | ||
| 942 |
_aCAE NUST _cBK _k355.475491/SHI _2ddc |
||